[Event "Mauricie op U1800"]
[Site "Trois-Rivieres CAN"]
[Date "2012.03.16"]
[Round "1"]
[White "Guillaume, Mathieu"]
[Black "Demeule, Sylvain"]
[Result "1-0"]
[WhiteElo "1727"]
[BlackElo "1606"]
[PlyCount "75"]
[GameId "2160767909575943"]
[EventDate "2012.03.16"]
[EventType "swiss"]
[EventRounds "5"]
[EventCountry "CAN"]

1. c4 e5 2. e4 Nf6 3. Nc3 Bc5 4. g3 Nc6 5. Bg2 O-O 6. Nge2 d6 7. d3 Be6 8. O-O a6 9. a3 Qd7 10. Nd5 Ne8 11. b4 Ba7 12. Be3 Ne7 13. Bxa7 Rxa7 14. Nxe7+ Qxe7 15. f4 Bg4 16. f5 c5 17. Bf3 Nf6 18. Nc3 Bxf3 19. Qxf3 Qd7 20. g4 h6 21. h4 Nh7 22. Nd5 f6 23. Qe3 b5 24. bxc5 bxc4 25. c6 Qf7 26. Rab1 cxd3 27. c7 Rxc7 28. Nxc7 Qxc7 29. Rfc1 Qa5 30. Qxd3 Rd8 31. Qd5+ Qxd5 32. exd5 Nf8 33. Rb7 g6 34. Rcc7 gxf5 35. gxf5 a5 36. Rg7+ Kh8 37. Rgf7 Ra8 38. Rxf6 1-0

[Event "Mauricie op U1800"]
[Site "Trois-Rivieres CAN"]
[Date "2012.03.17"]
[Round "2"]
[White "Thibault, Jim"]
[Black "Cote, Claude"]
[Result "1/2-1/2"]
[WhiteElo "1731"]
[BlackElo "1625"]
[PlyCount "65"]
[GameId "2160767909575944"]
[EventDate "2012.03.16"]
[EventType "swiss"]
[EventRounds "5"]
[EventCountry "CAN"]

1. e4 c5 2. d4 cxd4 3. c3 Nf6 4. e5 Nd5 5. Bc4 Qc7 6. Qe2 Nb6 7. Bb3 d3 8. Qxd3 Qxe5+ 9. Be3 Nc6 10. Nf3 Qc7 11. O-O e6 12. Nbd2 d5 13. Rfe1 Be7 14. Rac1 Nd7 15. c4 Nde5 16. Nxe5 Nxe5 17. Qe2 Nxc4 18. Nxc4 dxc4 19. Bxc4 O-O 20. Bxe6 Qe5 21. Bb3 Bd6 22. f4 Qf5 23. Bc2 Qg4 24. Qd3 Qg6 25. f5 Qf6 26. Bd4 Qh6 27. g3 Bb4 28. Bc3 Bxc3 29. bxc3 b6 30. Rcd1 Bb7 31. Qd7 Bf3 32. Rd3 Bc6 33. Qd6 1/2-1/2

[Event "Mauricie op U1800"]
[Site "Trois-Rivieres CAN"]
[Date "2012.03.17"]
[Round "2"]
[White "Yang, Ryan2"]
[Black "Grenier, Jean-Luc"]
[Result "1/2-1/2"]
[WhiteElo "1866"]
[BlackElo "1738"]
[PlyCount "81"]
[GameId "2160767909575945"]
[EventDate "2012.03.16"]
[EventType "swiss"]
[EventRounds "5"]
[EventCountry "CAN"]

1. e4 c5 2. Nf3 Nc6 3. d4 cxd4 4. Nxd4 Nf6 5. Nc3 e5 6. Ndb5 d6 7. Bg5 a6 8. Na3 b5 9. Bxf6 gxf6 10. Nd5 Bg7 11. c3 Bb7 12. Nc2 Ne7 13. Nce3 Qd7 14. a4 f5 15. Nb6 Qc6 16. Nxa8 Bxa8 17. axb5 axb5 18. Bxb5 Qxb5 19. Rxa8+ Kd7 20. Qa4 Qxa4 21. Rxa4 fxe4 22. Rxe4 Rb8 23. Rb4 Rxb4 24. cxb4 e4 25. Ke2 Bxb2 26. Rb1 Bd4 27. b5 Kc7 28. Nc4 Nd5 29. g3 Nc3+ 30. Kd2 Nxb1+ 31. Kc2 Nc3 32. b6+ Kc6 33. b7 Kxb7 34. Nxd6+ Kc7 35. Nxf7 Nd5 36. Ng5 Bxf2 37. Nxe4 Bg1 38. Ng5 h6 39. Nf3 Bf2 40. Ne5 Bg1 41. Nf3 1/2-1/2

[Event "Mauricie op U1800"]
[Site "Trois-Rivieres CAN"]
[Date "2012.03.17"]
[Round "3"]
[White "Grenier, Jean-Luc"]
[Black "Lemieux, Richard"]
[Result "1-0"]
[WhiteElo "1738"]
[BlackElo "1445"]
[PlyCount "45"]
[GameId "2160767909575946"]
[EventDate "2012.03.16"]
[EventType "swiss"]
[EventRounds "5"]
[EventCountry "CAN"]

1. e4 e5 2. Nf3 Nf6 3. Nxe5 Qe7 4. d4 d6 5. Nf3 Nxe4 6. Be3 d5 7. Bd3 Qb4+ 8. Nc3 Nxc3 9. bxc3 Qxc3+ 10. Bd2 Qa3 11. O-O Bg4 12. Re1+ Kd8 13. h3 Bh5 14. Re5 Bg6 15. Rxd5+ Kc8 16. Ne5 c6 17. Qg4+ f5 18. Bxf5+ Kc7 19. Nc4 cxd5 20. Bf4+ Kc6 21. Nxa3 Bxa3 22. Bxg6 hxg6 23. Qxg6+ 1-0

[Event "Mauricie op U1800"]
[Site "Trois-Rivieres CAN"]
[Date "2012.03.17"]
[Round "3"]
[White "Keep, Richard"]
[Black "Demeule, Sylvain"]
[Result "0-1"]
[WhiteElo "1581"]
[BlackElo "1606"]
[PlyCount "94"]
[GameId "2160767909575947"]
[EventDate "2012.03.16"]
[EventType "swiss"]
[EventRounds "5"]
[EventCountry "CAN"]

1. e4 c5 2. Nf3 Nc6 3. b3 Nf6 4. Nc3 e5 5. d3 d5 6. Be2 d4 7. Nb1 Be7 8. O-O O-O 9. Nbd2 a5 10. Nc4 Qc7 11. a4 Nd7 12. Bg5 f6 13. Bd2 Nb6 14. h3 Nxc4 15. bxc4 f5 16. Bg5 f4 17. Bxe7 Qxe7 18. Qd2 Rf6 19. c3 Rg6 20. Kh2 Rh6 21. Ng1 dxc3 22. Qxc3 Nd4 23. Rfe1 g5 24. f3 Nxe2 25. Rxe2 g4 26. fxg4 Bxg4 27. Rf2 Qh4 28. Raa2 Qe7 29. Rab2 b6 30. Qc1 Bh5 31. Qb1 Qd8 32. Rbd2 Rd6 33. Nf3 Qf6 34. Qb2 Bxf3 35. Rxf3 Rad8 36. Qb1 Kh8 37. Qf1 Rg8 38. Rdf2 Qg7 39. Rd2 Rg6 40. Rff2 Rg3 41. Rf3 Qd7 42. Qa1 Qg7 43. Qb2 Rxf3 44. Qxb6 Qg3+ 45. Kg1 Qe1+ 46. Kh2 Rxh3+ 47. Kxh3 Qg3# 0-1

[Event "Mauricie op U1800"]
[Site "Trois-Rivieres CAN"]
[Date "2012.03.18"]
[Round "4"]
[White "Demeule, Sylvain"]
[Black "Gendron, Roger"]
[Result "1-0"]
[WhiteElo "1606"]
[BlackElo "1437"]
[PlyCount "107"]
[GameId "2160767909575948"]
[EventDate "2012.03.16"]
[EventType "swiss"]
[EventRounds "5"]
[EventCountry "CAN"]

1. e4 d5 2. exd5 Qxd5 3. Nc3 Qd6 4. Nf3 a6 5. d4 Nf6 6. Be2 g6 7. O-O Bg7 8. Re1 O-O 9. Be3 Nc6 10. Qd2 Bf5 11. Bf4 Qd8 12. a3 Ne4 13. Nxe4 Bxe4 14. c3 Bf5 15. Bc4 Rc8 16. Nh4 Bd7 17. Bh6 Na5 18. Ba2 b5 19. Bxg7 Kxg7 20. d5 c5 21. Nf3 c4 22. Rad1 e6 23. dxe6 Bxe6 24. Qe3 Qc7 25. Nd4 Rfe8 26. Nxe6+ Rxe6 27. Qd4+ Kg8 28. Rxe6 fxe6 29. Qf6 Re8 30. Bb1 Qe7 31. Qxe7 Rxe7 32. Be4 Nb7 33. Bxb7 Rxb7 34. Rd6 Kf7 35. Kf1 Kf6 36. Rxa6 Ke5 37. Ke2 g5 38. Ke3 h5 39. Rc6 Kd5 40. Rc8 Ke5 41. Rc5+ Kf6 42. Ke4 h4 43. Kf3 Rb6 44. Kg4 e5 45. f3 Rb8 46. Rc6+ Kf7 47. Kf5 Rd8 48. Rc7+ Ke8 49. Ke6 Kf8 50. Rd7 Re8+ 51. Kf6 g4 52. Rf7+ Kg8 53. Rg7+ Kh8 54. Rxg4 1-0

[Event "Mauricie op U1800"]
[Site "Trois-Rivieres CAN"]
[Date "2012.03.18"]
[Round "4"]
[White "Maheux, Pierre"]
[Black "Grenier, Jean-Luc"]
[Result "1-0"]
[WhiteElo "1694"]
[BlackElo "1738"]
[PlyCount "91"]
[GameId "2160767909575949"]
[EventDate "2012.03.16"]
[EventType "swiss"]
[EventRounds "5"]
[EventCountry "CAN"]

1. e4 c5 2. Nf3 d6 3. Nc3 Nc6 4. Be2 Nf6 5. O-O e6 6. d4 cxd4 7. Nxd4 Be7 8. Be3 O-O 9. Qd2 a6 10. a4 Qc7 11. f4 Rd8 12. Nb3 d5 13. exd5 Nxd5 14. Nxd5 Rxd5 15. Qe1 Nb4 16. Rc1 Rd8 17. a5 Nd5 18. Bd2 Bf6 19. c4 Ne7 20. Bc3 Bxc3 21. Rxc3 b6 22. axb6 Qxb6+ 23. c5 Qc7 24. Bd3 Rb8 25. Bc2 a5 26. Rh3 Ng6 27. Bxg6 fxg6 28. Qc3 Rd5 29. Ra1 Qxf4 30. Rf3 Qg5 31. Rxa5 Rd1+ 32. Rf1 Rxf1+ 33. Kxf1 Rxb3 34. Qxb3 Qc1+ 35. Ke2 Qf4 36. Qf3 Ba6+ 37. Rxa6 Qc4+ 38. Qd3 Qg4+ 39. Kf2 Qf4+ 40. Kg1 Qc1+ 41. Qf1 Qxc5+ 42. Kh1 Qd5 43. b4 h6 44. b5 e5 45. b6 Qc6 46. Ra7 1-0

[Event "Mauricie op U1800"]
[Site "Trois-Rivieres CAN"]
[Date "2012.03.18"]
[Round "5"]
[White "Demeule, Sylvain"]
[Black "Dallaire, Richard"]
[Result "1/2-1/2"]
[WhiteElo "1606"]
[BlackElo "1567"]
[PlyCount "93"]
[GameId "2160767909575950"]
[EventDate "2012.03.16"]
[EventType "swiss"]
[EventRounds "5"]
[EventCountry "CAN"]

1. e4 c5 2. Nf3 e6 3. d4 cxd4 4. Nxd4 Nc6 5. Nc3 a6 6. Be2 Qc7 7. O-O Nf6 8. Be3 b5 9. a3 Be7 10. f4 d6 11. Bf3 Nxd4 12. Qxd4 Bb7 13. Rad1 O-O 14. Qb6 Qb8 15. Bf2 Nd7 16. Qe3 Bc6 17. f5 Ne5 18. b3 Qb7 19. Bg3 Nxf3+ 20. Qxf3 Rad8 21. Qg4 exf5 22. exf5 f6 23. Rd2 d5 24. b4 Rd7 25. Rfd1 Rfd8 26. Qe2 Kf8 27. Rd4 a5 28. Qd2 axb4 29. axb4 Qa7 30. Ne2 Rc8 31. Nf4 Kg8 32. Bf2 Qa4 33. Nxd5 Bxd5 34. Rxd5 Rdc7 35. Bc5 Bxc5+ 36. bxc5 h6 37. Rd8+ Kh7 38. Rxc8 Rxc8 39. Qc3 Qe4 40. Qd3 Qc6 41. g4 Qxc5+ 42. Kg2 Qxc2+ 43. Rd2 Qxd3 44. Rxd3 b4 45. Rb3 Rc2+ 46. Kg1 Rc4 47. h3 1/2-1/2

[Event "Mauricie op U2000"]
[Site "Trois-Rivieres CAN"]
[Date "2012.03.16"]
[Round "1"]
[White "Morin, Louis"]
[Black "Ramaswamy, Kiran"]
[Result "0-1"]
[WhiteElo "1838"]
[BlackElo "1947"]
[PlyCount "46"]
[GameId "2160767909575951"]
[EventDate "2012.03.16"]
[EventType "swiss"]
[EventRounds "5"]
[EventCountry "CAN"]

1. e4 c5 2. d4 cxd4 3. c3 d5 4. exd5 Qxd5 5. cxd4 Nc6 6. Nf3 Bg4 7. Nc3 Bxf3 8. Nxd5 Bxd1 9. Nc7+ Kd7 10. Nxa8 Bh5 11. d5 Nd4 12. Be3 Nc2+ 13. Kd2 Nxa1 14. Bb5+ Kd8 15. Bxa7 Nf6 16. Bb6+ Kc8 17. Nc7 e6 18. Rxa1 Bd6 19. Rc1 Bf4+ 20. Be3 Bxc7 21. dxe6 fxe6 22. h3 Kb8 23. a3 Nd5 0-1

[Event "Mauricie op U2000"]
[Site "Trois-Rivieres CAN"]
[Date "2012.03.17"]
[Round "2"]
[White "Deschesnes, Jean"]
[Black "Morin, Louis"]
[Result "1/2-1/2"]
[WhiteElo "1731"]
[BlackElo "1838"]
[PlyCount "81"]
[GameId "2160767909575952"]
[EventDate "2012.03.16"]
[EventType "swiss"]
[EventRounds "5"]
[EventCountry "CAN"]

1. d4 e5 2. e4 exd4 3. Nf3 Bb4+ 4. Nbd2 d5 5. Qe2 dxe4 6. Qxe4+ Qe7 7. Qxe7+ Nxe7 8. Nxd4 Nbc6 9. Nxc6 Nxc6 10. Bb5 Bd7 11. c3 Bc5 12. Nb3 Bb6 13. Bf4 O-O-O 14. O-O f6 15. Rfe1 Rhe8 16. Kf1 Ne5 17. Bxd7+ Nxd7 18. Rxe8 Rxe8 19. Re1 Rxe1+ 20. Kxe1 g5 21. Bg3 Nc5 22. Nxc5 Bxc5 23. Ke2 Kd7 24. Kd3 h5 25. f3 f5 26. h3 c6 27. b4 Be7 28. Bf2 a6 29. g4 hxg4 30. hxg4 Ke6 31. a4 b5 32. axb5 cxb5 33. Bd4 fxg4 34. fxg4 Kd5 35. Bg7 Bd6 36. Bf6 Bf4 37. Be7 Ke6 38. Bc5 Ke5 39. Bd4+ Kd5 40. Bf6 Bc1 41. Bd8 1/2-1/2

[Event "Mauricie op U2000"]
[Site "Trois-Rivieres CAN"]
[Date "2012.03.17"]
[Round "3"]
[White "Morin, Louis"]
[Black "Tremblay, Manuel"]
[Result "1/2-1/2"]
[WhiteElo "1838"]
[BlackElo "1739"]
[PlyCount "118"]
[GameId "2160767909575953"]
[EventDate "2012.03.16"]
[EventType "swiss"]
[EventRounds "5"]
[EventCountry "CAN"]

1. e4 c6 2. d4 d5 3. exd5 cxd5 4. Bd3 Nf6 5. h3 Nc6 6. c3 e6 7. Bf4 Bd6 8. Ne2 O-O 9. Nd2 a6 10. Nf3 b5 11. O-O Re8 12. Qc2 Bb7 13. Rae1 Rc8 14. Qb1 b4 15. Be5 h6 16. Qc1 bxc3 17. Qf4 Bxe5 18. dxe5 Nd7 19. Nxc3 Nc5 20. Bb1 Qb6 21. b3 Qb4 22. Qxb4 Nxb4 23. Ne2 a5 24. Rd1 Ba6 25. Rd2 Re7 26. Rfd1 Rec7 27. Ned4 Nc6 28. Nxc6 Rxc6 29. Nd4 R6c7 30. f4 Nd7 31. Kf2 Rc3 32. Bd3 Bxd3 33. Rxd3 Rxd3 34. Rxd3 Nc5 35. Rd1 Ne4+ 36. Kg1 Rc3 37. f5 Nc5 38. fxe6 fxe6 39. Nc6 Rc2 40. Nxa5 Rxa2 41. b4 Na6 42. Nc6 Rb2 43. Rd4 Nc7 44. Rf4 Rc2 45. Nd4 Rc4 46. b5 Nxb5 47. Nxe6 Rxf4 48. Nxf4 Nc7 49. h4 g5 50. hxg5 hxg5 51. Nd3 Kf7 52. Kf2 Ke6 53. Ke3 Kf5 54. Kd4 Kg4 55. Kc5 Kg3 56. Kd6 Ne8+ 57. Kxd5 Kxg2 58. Ke6 Kf3 59. Kf5 g4 1/2-1/2

[Event "Mauricie op U2000"]
[Site "Trois-Rivieres CAN"]
[Date "2012.03.18"]
[Round "4"]
[White "Chevalier, Francois"]
[Black "Morin, Louis"]
[Result "1/2-1/2"]
[WhiteElo "1800"]
[BlackElo "1838"]
[PlyCount "97"]
[GameId "2160767909575954"]
[EventDate "2012.03.16"]
[EventType "swiss"]
[EventRounds "5"]
[EventCountry "CAN"]

1. d4 e5 2. dxe5 Nc6 3. Nf3 Qe7 4. Bf4 Qb4+ 5. Bd2 Qxb2 6. Nc3 Bb4 7. Rb1 Qa3 8. Rb3 Qa5 9. e3 Nge7 10. a3 Bxc3 11. Bxc3 Qd5 12. Bd3 a6 13. O-O b5 14. Qe2 Bb7 15. Rd1 Qc5 16. Be4 O-O-O 17. Bb4 Nxb4 18. Bxb7+ Kxb7 19. axb4 Qb6 20. Rbd3 d5 21. exd6 Rxd6 22. Rxd6 cxd6 23. Qd3 d5 24. e4 Rd8 25. exd5 Rxd5 26. Qe4 Qe6 27. Qxe6 Rxd1+ 28. Qe1 Rxe1+ 29. Nxe1 Nd5 30. Nd3 Kb6 31. Kf1 a5 32. bxa5+ Kxa5 33. Ke1 b4 34. Kd2 Kb5 35. g3 f6 36. f3 Kc4 37. Nb2+ Kd4 38. Nd3 g6 39. Nxb4 Nxb4 40. c3+ Kc4 41. cxb4 Kxb4 42. Kd3 Kc5 43. Kc3 g5 44. Kd3 Kd5 45. Ke3 Ke5 46. f4+ Kf5 47. fxg5 fxg5 48. h3 h5 49. Kf3 1/2-1/2

[Event "Mauricie op U2000"]
[Site "Trois-Rivieres CAN"]
[Date "2012.03.18"]
[Round "5"]
[White "Morin, Louis"]
[Black "Girouard, Michel"]
[Result "1/2-1/2"]
[WhiteElo "1838"]
[BlackElo "1909"]
[PlyCount "114"]
[GameId "2160767909575955"]
[EventDate "2012.03.16"]
[EventType "swiss"]
[EventRounds "5"]
[EventCountry "CAN"]

1. e4 c6 2. d4 d5 3. Nc3 dxe4 4. Nxe4 Nd7 5. Bd3 Ngf6 6. Ne2 Nxe4 7. Bxe4 Nf6 8. Bd3 Bf5 9. Bxf5 Qa5+ 10. Qd2 Qxf5 11. Qf4 Qxf4 12. Bxf4 e6 13. O-O-O Be7 14. Rhe1 O-O 15. Bg3 Rfd8 16. f3 Rd7 17. c3 Rad8 18. Nf4 c5 19. dxc5 Bxc5 20. Rxd7 Rxd7 21. Kc2 Kf8 22. Rxe6 fxe6 23. Nxe6+ Kf7 24. Nxc5 Re7 25. Kd2 g5 26. Bd6 Re8 27. Nxb7 Ke6 28. Bg3 Kd5 29. Nd6 Re6 30. Nf5 h5 31. Kd3 Ra6 32. a3 Nd7 33. c4+ Kc6 34. Kd4 Kb7 35. Bd6 Nf6 36. Be7 Re6 37. Bxf6 Rxf6 38. Ke5 Rf8 39. b4 Re8+ 40. Kf6 Re2 41. Kxg5 Rxg2+ 42. Kxh5 Rxh2+ 43. Kg5 Rg2+ 44. Kf6 Ra2 45. f4 Rxa3 46. Nd4 Ra4 47. Nc2 Ra2 48. Ne3 Re2 49. Nd5 Re4 50. f5 Rxc4 51. Ke5 Kc6 52. f6 Rc1 53. b5+ Kd7 54. f7 Re1+ 55. Kf6 Rf1+ 56. Kg7 Kd6 57. b6 axb6 1/2-1/2

[Event "McGill op"]
[Site "Montreal CAN"]
[Date "2012.05.12"]
[Round "2"]
[White "Carrier, Claude"]
[Black "Kraiouchkine, Nikita"]
[Result "1-0"]
[WhiteElo "2154"]
[BlackElo "2352"]
[PlyCount "87"]
[GameId "2160767909509482"]
[EventDate "2012.05.11"]
[EventType "swiss"]
[EventRounds "5"]
[EventCountry "CAN"]
[SourceTitle "EXT 2022"]
[Source "ChessBase"]
[SourceDate "2021.10.06"]
[SourceVersion "1"]
[SourceVersionDate "2021.10.06"]
[SourceQuality "1"]

1. e4 e5 2. Nf3 Nc6 3. Bb5 a6 4. Ba4 Nf6 5. O-O b5 6. Bb3 Be7 7. Re1 O-O 8. h3 d6 9. c3 Na5 10. Bc2 c5 11. d4 Qc7 12. Nbd2 Nc6 13. d5 Nd8 14. a4 Rb8 15. axb5 axb5 16. c4 Bd7 17. cxb5 Bxb5 18. b3 Nb7 19. Nc4 Ra8 20. Bg5 h6 21. Bh4 g5 22. Bg3 Nd7 23. Ne3 Rxa1 24. Qxa1 Nb6 25. Nf5 Ra8 26. Qc1 Kh7 27. h4 f6 28. Nh2 c4 29. Ng4 cxb3 30. Bxb3 Nc5 31. Ngxh6 Rc8 32. Qd1 Be8 33. Nxe7 Qxe7 34. Nf5 Qd8 35. hxg5 fxg5 36. Re3 Bg6 37. Qg4 Rc7 38. Bxe5 dxe5 39. Qh3+ Kg8 40. d6+ Rf7 41. Nh6+ Kg7 42. Bxf7 Bxf7 43. Nf5+ Kg8 44. Qh6 1-0

[Event "McGill op"]
[Site "Montreal CAN"]
[Date "2012.05.12"]
[Round "2"]
[White "Masse, Hugues"]
[Black "Robichaud, Louis"]
[Result "1-0"]
[WhiteElo "2311"]
[BlackElo "2124"]
[PlyCount "67"]
[GameId "2160767909509483"]
[EventDate "2012.05.11"]
[EventType "swiss"]
[EventRounds "5"]
[EventCountry "CAN"]
[SourceTitle "EXT 2022"]
[Source "ChessBase"]
[SourceDate "2021.10.06"]
[SourceVersion "1"]
[SourceVersionDate "2021.10.06"]
[SourceQuality "1"]

1. d4 Nf6 2. c4 g6 3. g3 Bg7 4. Bg2 O-O 5. Nc3 d6 6. Nf3 Nbd7 7. O-O e5 8. e4 exd4 9. Nxd4 Nc5 10. h3 Re8 11. Re1 c6 12. Bf4 Nh5 13. Be3 Nf6 14. Qc2 a5 15. Rad1 Nfd7 16. b3 Qe7 17. f4 Nf6 18. Bf2 h5 19. e5 dxe5 20. Rxe5 Ne6 21. Nf3 Nd7 22. Ree1 f5 23. Nd5 cxd5 24. cxd5 Ndf8 25. dxe6 Bxe6 26. Nd4 Rac8 27. Qe2 Bxd4 28. Bxd4 Qf7 29. Qe5 Qh7 30. Qxa5 h4 31. gxh4 Qxh4 32. Qe5 Re7 33. Bc5 Nd7 34. Bxe7 1-0

[Event "McGill op"]
[Site "Montreal CAN"]
[Date "2012.05.12"]
[Round "3"]
[White "Kraiouchkine, Nikita"]
[Black "Zhu, Hong Rui"]
[Result "1-0"]
[WhiteElo "2352"]
[BlackElo "2088"]
[PlyCount "89"]
[GameId "2160767909509484"]
[EventDate "2012.05.11"]
[EventType "swiss"]
[EventRounds "5"]
[EventCountry "CAN"]
[SourceTitle "EXT 2022"]
[Source "ChessBase"]
[SourceDate "2021.10.06"]
[SourceVersion "1"]
[SourceVersionDate "2021.10.06"]
[SourceQuality "1"]

1. e4 c5 2. Nf3 d6 3. d4 cxd4 4. Nxd4 Nf6 5. Nc3 g6 6. Be3 Bg7 7. f3 Nc6 8. Qd2 O-O 9. Bc4 Bd7 10. Bb3 Rc8 11. h4 h5 12. O-O-O Nxd4 13. Bxd4 b5 14. g4 Bxg4 15. fxg4 Nxg4 16. Bxg7 Kxg7 17. Qd4+ Kh7 18. Qxa7 Rc7 19. Qd4 Qd7 20. Rhf1 Ne5 21. Nd5 Rb7 22. Nf4 Qg4 23. Ne6 Rc8 24. Ng5+ Kh6 25. Nxf7+ Nxf7 26. Rxf7 Rg8 27. Qe3+ g5 28. e5 dxe5 29. Qxe5 gxh4 30. Rf4 Qg5 31. Qxg5+ Kxg5 32. Rf7 Rg6 33. Rd5+ Kg4 34. c3 h3 35. Bd1+ Kg3 36. Rxh5 Kh2 37. Rf1 Ra7 38. Bf3 Rf6 39. Rg5 Rxf3 40. Rxf3 Rxa2 41. Rh5 Kg2 42. Rhxh3 Ra7 43. Rhg3+ Kh2 44. Rg7 Rb7 45. Rf8 1-0

[Event "McGill op"]
[Site "Montreal CAN"]
[Date "2012.05.12"]
[Round "3"]
[White "Lopez Linares, Lizandro"]
[Black "Libersan, Thierry"]
[Result "0-1"]
[WhiteElo "2084"]
[BlackElo "2130"]
[PlyCount "38"]
[GameId "2160767909509485"]
[EventDate "2012.05.11"]
[EventType "swiss"]
[EventRounds "5"]
[EventCountry "CAN"]
[SourceTitle "EXT 2022"]
[Source "ChessBase"]
[SourceDate "2021.10.06"]
[SourceVersion "1"]
[SourceVersionDate "2021.10.06"]
[SourceQuality "1"]

1. d4 Nf6 2. Nf3 g6 3. c4 Bg7 4. Nc3 O-O 5. e4 d6 6. Be2 e5 7. O-O Nc6 8. d5 Ne7 9. b4 Nd7 10. a4 f5 11. Ba3 Nf6 12. Nd2 Bh6 13. f3 Be3+ 14. Kh1 f4 15. c5 Nh5 16. Nc4 Bd4 17. Qe1 Rf6 18. Rc1 Ng3+ 19. hxg3 Qf8 0-1

[Event "McGill op"]
[Site "Montreal CAN"]
[Date "2012.05.12"]
[Round "3"]
[White "Robichaud, Louis"]
[Black "Luo, Zhao Yang"]
[Result "1-0"]
[WhiteElo "2124"]
[BlackElo "2050"]
[PlyCount "77"]
[GameId "2160767909509486"]
[EventDate "2012.05.11"]
[EventType "swiss"]
[EventRounds "5"]
[EventCountry "CAN"]
[SourceTitle "EXT 2022"]
[Source "ChessBase"]
[SourceDate "2021.10.06"]
[SourceVersion "1"]
[SourceVersionDate "2021.10.06"]
[SourceQuality "1"]

1. e4 c6 2. d3 d5 3. Nd2 e5 4. Ngf3 Nd7 5. g3 Ngf6 6. Bg2 Bc5 7. O-O O-O 8. Qe2 Re8 9. c4 dxe4 10. dxe4 a6 11. Nb3 Qc7 12. Nh4 Ba7 13. Bg5 h6 14. Be3 a5 15. Nf5 a4 16. Nd2 Nc5 17. b4 Ne6 18. c5 b6 19. Qf3 bxc5 20. bxc5 Bxc5 21. Bxc5 Nxc5 22. Nxh6+ Kf8 23. Rac1 Qe7 24. Qc3 Ba6 25. Nf5 Qa7 26. Qa3 Nfd7 27. Rfe1 Kg8 28. Nc4 Bb5 29. Re3 Bxc4 30. Rxc4 Reb8 31. Re1 Kh8 32. Rec1 Rb5 33. Nd6 Ra5 34. Nxf7+ Kg8 35. Ng5 Rb8 36. Bh3 Nb3 37. Be6+ Kh8 38. axb3 axb3 39. Qe7 1-0

[Event "McGill op"]
[Site "Montreal CAN"]
[Date "2012.05.12"]
[Round "3"]
[White "Sturt, Raven"]
[Black "Wu, Qiyou"]
[Result "1-0"]
[WhiteElo "2272"]
[BlackElo "2050"]
[PlyCount "103"]
[GameId "2160767909509487"]
[EventDate "2012.05.11"]
[EventType "swiss"]
[EventRounds "5"]
[EventCountry "CAN"]
[SourceTitle "EXT 2022"]
[Source "ChessBase"]
[SourceDate "2021.10.06"]
[SourceVersion "1"]
[SourceVersionDate "2021.10.06"]
[SourceQuality "1"]

1. d4 d5 2. c4 e6 3. Nf3 Nf6 4. g3 Be7 5. Bg2 O-O 6. O-O Nc6 7. Nbd2 Bd7 8. b3 Re8 9. Bb2 Bd6 10. Qc2 Rc8 11. a3 Bf8 12. Rfd1 Ne7 13. Ne5 Ng6 14. Nxd7 Qxd7 15. e4 dxe4 16. Nxe4 Nxe4 17. Bxe4 c6 18. h4 f5 19. Bg2 Bd6 20. h5 Nf8 21. h6 gxh6 22. d5 cxd5 23. Qc3 Ng6 24. Rxd5 Rc6 25. Rxf5 Rc5 26. Rxc5 Bxc5 27. b4 Bf8 28. Be4 e5 29. Qf3 Bg7 30. Rd1 Qh3 31. Bxb7 Rf8 32. Qe4 Nf4 33. Bd5+ Kh8 34. Bxe5 Qg4 35. Bxg7+ Qxg7 36. Kh2 Nxd5 37. Rxd5 Rxf2+ 38. Kh3 Rf8 39. Qd4 Qxd4 40. Rxd4 a5 41. b5 Rf3 42. c5 Kg7 43. b6 Rb3 44. Rb4 axb4 45. a4 Rf3 46. b7 Rf8 47. c6 Rb8 48. c7 Rxb7 49. c8=Q Ra7 50. Qg4+ Kf7 51. Qf4+ Kg6 52. Qe4+ 1-0

[Event "McGill op"]
[Site "Montreal CAN"]
[Date "2012.05.13"]
[Round "4"]
[White "Carrier, Claude"]
[Black "Sturt, Raven"]
[Result "0-1"]
[WhiteElo "2154"]
[BlackElo "2272"]
[PlyCount "64"]
[GameId "2160767909509488"]
[EventDate "2012.05.11"]
[EventType "swiss"]
[EventRounds "5"]
[EventCountry "CAN"]
[SourceTitle "EXT 2022"]
[Source "ChessBase"]
[SourceDate "2021.10.06"]
[SourceVersion "1"]
[SourceVersionDate "2021.10.06"]
[SourceQuality "1"]

1. e4 c6 2. d4 d5 3. Nc3 dxe4 4. Nxe4 Bf5 5. Nc5 e5 6. Nb3 Nd7 7. Ne2 Ngf6 8. Ng3 Bg6 9. dxe5 Nxe5 10. Qxd8+ Rxd8 11. f4 Neg4 12. f5 Bd6 13. fxg6 hxg6 14. Rg1 Bc7 15. Bd3 Bb6 16. Rh1 Bf2+ 17. Ke2 Bxg3 18. Bg5 Bh4 19. Bd2 Nf2 20. g3 Bxg3 21. hxg3 Nxh1 22. Kf3 Rh2 23. Be3 g5 24. g4 Rh3+ 25. Ke2 Ng3+ 26. Kd2 Nge4+ 27. Ke2 Nxg4 28. Bxa7 f5 29. Rg1 Rh2+ 30. Ke1 Ne5 31. Be2 g4 32. Be3 Nf3+ 0-1

[Event "McGill op"]
[Site "Montreal CAN"]
[Date "2012.05.13"]
[Round "4"]
[White "Gauthier, Denis"]
[Black "Luo, Zhao Yang"]
[Result "0-1"]
[WhiteElo "2099"]
[BlackElo "2050"]
[PlyCount "64"]
[GameId "2160767909509489"]
[EventDate "2012.05.11"]
[EventType "swiss"]
[EventRounds "5"]
[EventCountry "CAN"]
[SourceTitle "EXT 2022"]
[Source "ChessBase"]
[SourceDate "2021.10.06"]
[SourceVersion "1"]
[SourceVersionDate "2021.10.06"]
[SourceQuality "1"]

1. d4 Nf6 2. c4 g6 3. Nc3 Bg7 4. e4 d6 5. Bd3 Nc6 6. Nge2 e5 7. d5 Ne7 8. O-O O-O 9. Ng3 h5 10. f3 h4 11. Nh1 Nh7 12. f4 exf4 13. Bxf4 Bd4+ 14. Nf2 g5 15. Bd2 Ng6 16. Qe2 Qf6 17. Kh1 Ne5 18. Be3 Bxe3 19. Qxe3 Qg6 20. Ne2 f5 21. exf5 Bxf5 22. Bxf5 Rxf5 23. Nd4 Rf6 24. Ne4 Rxf1+ 25. Rxf1 Nxc4 26. Qe2 Nb6 27. Qc2 Rf8 28. Re1 Nxd5 29. h3 Qf7 30. Qd2 Qf4 31. Qa5 Ne3 32. Ne6 Qxe4 0-1

[Event "McGill op"]
[Site "Montreal CAN"]
[Date "2012.05.13"]
[Round "4"]
[White "Jiang, Louie"]
[Black "Hamilton, Robert"]
[Result "1-0"]
[WhiteElo "2373"]
[BlackElo "2390"]
[PlyCount "87"]
[GameId "2160767909509490"]
[EventDate "2012.05.11"]
[EventType "swiss"]
[EventRounds "5"]
[EventCountry "CAN"]
[SourceTitle "EXT 2022"]
[Source "ChessBase"]
[SourceDate "2021.10.06"]
[SourceVersion "1"]
[SourceVersionDate "2021.10.06"]
[SourceQuality "1"]

1. e4 c6 2. d4 d5 3. exd5 cxd5 4. Bd3 Nc6 5. c3 Nf6 6. Bf4 Bg4 7. Qb3 Qc8 8. Nd2 e6 9. Ngf3 Be7 10. h3 Bh5 11. O-O Bg6 12. Bxg6 hxg6 13. Rac1 O-O 14. Ne5 b6 15. Qb5 Na5 16. b4 Nb7 17. Qd3 Nd6 18. b5 Qb7 19. Qe2 a6 20. Nxg6 Rfc8 21. bxa6 Qd7 22. Nxe7+ Qxe7 23. Rb1 Nd7 24. Rfc1 Nc4 25. Rb4 b5 26. a4 Rxa6 27. axb5 Ra2 28. Qd1 Ncb6 29. Rb3 Qf6 30. Be3 Qf5 31. Qf1 Rca8 32. c4 dxc4 33. Nxc4 Qd5 34. Nxb6 Nxb6 35. Qd3 Qb7 36. Bf4 Nd5 37. Qg3 Ra1 38. Kh2 Rxc1 39. Bxc1 Ra5 40. Bh6 f6 41. b6 Ra8 42. Qg4 Re8 43. Rg3 Re7 44. Bxg7 1-0